000 00938nam a2200229Ia 4500
001 8472
003 GE_BSU
008 181216s||||||||xx |||||||||||||| ||und||
040 _cGE_BSU
080 _a821.353.1-1+821.353.1-11
100 _aეული, სანდრო (ქურიძე)
245 _aთხზულებანი: ორ ტომად. ტ.2
245 _bტ.2: ლექსები, პოემები, მოთხრობები, პიესები.
245 _cრედ.: კ. ბობოხიძე; მხატვ.: ო. ჯიშკარიანი.
260 _aთბილისი.
260 _bსაბჭ. საქართველო.
260 _c1964
300 _a275 გვ; 20 სმ.
653 _aთხზულებანი
653 _aლექსები, პოემები, მოთხრობები, პიესები.
942 _cBK
999 _c41790
_d41790